000 01004nam a22003017i 4500
003 EG-GICUC
005 20260306214334.0
008 260306s1903 fr ||||fr|||| 000 0 fre d
040 _aEG-GiCUC
_bfre
_cEG-GiCUC
_dEG-GiCUC
_eRda
041 _afre
_hfre
082 0 4 _221
_a341.6
_bIS . D
092 0 4 _221
099 _aLaw 11 341.6 IS . D 1903
100 1 _a d’Istria, Charles Galloni
_eAuteur
245 1 0 _aLe droit des gens dans la guerre de l’Afrique australe /
_cpar Charles Galloni d’Istria.
264 0 _aParis ;
_bRecueil Sirey,
_c1903.
300 _a214 page :
_billustration ;
_c 24 cm.
336 _2rda contenu
_a texte
337 _2rda medias
_aOrdinateur
338 _2 transporteur rda
_a Ressource en ligne
504 _aBibliography: pages 200-250. 240-220
546 _aTexte en français
650 1 _aDroit international public
_2qrmak
651 1 _2qrmak
856 4 0 _uhttps://fll.law.cu.edu.eg/fulltext/bks/B11-08537.pdf
905 _a31
942 _2ddc
_cBK
_e21
_n0
999 _c65246
_d65246